| 000 | 00780nam a2200217 a 4500 | ||
|---|---|---|---|
| 001 | 1700 | ||
| 003 | CO-ViMGA | ||
| 008 | 141112s2004 ck r 000 u spa d | ||
| 020 | _a9589093582 | ||
| 040 |
_aCO-ViMGA _bspa _cCO-ViMGA |
||
| 082 | 0 | 4 | _a330.1 R421p |
| 100 | 1 |
_aRicardo, David _950186 |
|
| 245 | 1 | 0 | _aPrincipios de Economía Política y tributación |
| 260 |
_aMexico : _bFondo de Cultura Económica, _c1993 |
||
| 300 | _a332 p | ||
| 505 | _aSobre comercio exterior 98 - - Impuestos sobre salarios 162 - - Impuestos sobre arículos distintos del producto primo 183 - - Primas sobre la producción 239 - - Impuestos pagados por e productor 283 | ||
| 590 | _aForma de adquisición : CERLAC | ||
| 650 | 1 | 4 | _aEconomía - TEORIA |
| 650 | 1 | 4 | _aTRIBUTACION |
| 942 |
_2ddc _cBK |
||
| 999 |
_c13877 _d13877 |
||